Score 0/16 Timer 07:00
0 Plays Today
% Correct
White Christmas
80%
The Court Jester
55.6%
Hans Christian Andersen
40%
The Secret Life of Walter Mitty
35.6%
Wonder Man
31.1%
A Song Is Born
26.7%
The Inspector General
22.2%
Up In Arms
20%
% Correct
The Kid From Brooklyn
17.8%
The Five Pennies
17.8%
Knock on Wood
15.6%
Merry Andrew
15.6%
On the Riviera
15.6%
Me and the Colonel
15.6%
The Man from the Diners’ Club
13.3%
On the Double
11.1%
Remove Ads.
Support Sporcle.
Get the best of Sporcle when you Go Orange. This ad-free experience offers more features, more stats, and more fun while also helping to support Sporcle. Thank you for becoming a member.

You're not logged in!

Compare scores with friends on all Sporcle quizzes.
OR
Log In

Show Comments

Extras

Top Quizzes Today


Score Distribution

Your Account Isn't Verified!

In order to create a playlist on Sporcle, you need to verify the email address you used during registration. Go to your Sporcle Settings to finish the process.

Report this User

Report this user for behavior that violates our Community Guidelines.

Details: